00721 2200181 4500245008300000020002200083250001000105100001900115700001900134650001700153005001900170260003100189041001400220084001000234300002600244500026000270336000900530 aKun Anta b : Cantik dari Hati Cantik jadi Diri Sendiric@NegeriAkhirathText a978-602-73315-9-4 aCet.1 a@NegeriAkhirat aRadinra Rahman aAkhlak Mulia a20240131075859 aJakartabWahyu Qolbuc2016 aIndonesia a297.5 a226 hlm. :c13x 19 cm aInilah kisah-kisah nayata para perempuan yang telah membuktikan bahwa cantik itu bukan dari lahiriah semata. Cantik yang sesungguhnya adalah menjadi diri sendiri, percaya diri, & mensyukuri pemberian ilahi. itulah cantik dari hati cerminan MUSLIMAH SEJATI atext